| 000 | 01309nam a2200373 c 4500 | ||
|---|---|---|---|
| 001 | 9499 | ||
| 003 | ES-MaCES | ||
| 005 | 20250207040007.0 | ||
| 008 | 991006s1999 sp t 000 | spa d | ||
| 017 |
_aM 25374-1999 _bDL |
||
| 020 | _a8471113791 | ||
| 035 | _aCES19990014511m | ||
| 040 |
_aES-MaCES _bspa _cES-MaCES |
||
| 100 | 1 |
_aMoltó García, Juan Ignacio _918805 |
|
| 245 | 1 | 3 |
_aLa nueva contratación laboral _b: los contratos temporales, el trabajo a tiempo parcial y la subcontratación de servicios, los incentivos a la contratación indefinida _cJuan Ignacio Moltó García |
| 260 |
_aMadrid _bMontecorvo _c1999 |
||
| 300 |
_a316 p. _c24 cm |
||
| 541 | _cCompra | ||
| 650 | 4 |
_acontratación _928323 |
|
| 650 | 4 |
_afomento del empleo _930270 |
|
| 650 | 4 |
_aincentivo al trabajo _930269 |
|
| 650 | 4 |
_aseguridad en el empleo _928301 |
|
| 650 | 4 |
_acontrato de trabajo de duración determinada _930650 |
|
| 650 | 4 |
_aempleo temporal _929000 |
|
| 650 | 4 |
_aempleo a tiempo parcial _926772 |
|
| 650 | 4 |
_asubcontratación _928256 |
|
| 650 | 4 |
_aEspaña _926964 |
|
| 650 | 4 |
_aprocedimiento administrativo _930919 |
|
| 650 | 4 |
_arégimen jurídico _929894 |
|
| 653 | 1 | 0 | _aRelaciones laborales-Empleo |
| 902 | _aLIB Libro | ||
| 942 |
_2CES _cBK _h2.0. |
||
| 999 |
_c9499 _d9499 |
||